TOP 20 - Najdroższych polskich piłkarzy - Statystyki

Ogólne statystyki
  • Ten quiz został rozwiązany 488 razy
  • Średni wynik to 12 z 20
Statystyki odpowiedzi
Odpowiedź Hint Hint % Poprawnych
Robert Lewandowski 45 mln Ś.Napastnik
99%
Wojciech Szczęsny 15 mln Bramkarz
95%
Piotr Zieliński 40 mln Of.Pomocnik
92%
Arkadiusz Milik 16 mln Ś.Napastnik
88%
Matty Cash 25 mln P.Obrońca
79%
Jan Bednarek 22 mln Ś.Obrońca
77%
Krzysztof Piątek 12 mln Ś.Napastnik
73%
Karol Świderski 5 mln Ś.Napastnik
70%
Nicola Zalewski 12 mln L.Pomocnik
70%
Grzegorz Krychowiak 8 mln Def.Pomocnik
67%
Sebastian Szymański 14 mln Of.Pomocnik
63%
Adam Buksa 9 mln Ś.Napastnik
52%
Jakub Moder 12 mln Ś.Pomocnik
50%
Bartłomiej Drągowski 6 mln Bramkarz
47%
Przemysław Frankowski 8 mln L.Pomocnik
44%
Jakub Kamiński 10 mln L.Napastnik
38%
Szymon Żurkowski 7 mln Ś.Pomocnik
23%
Kacper Kozłowski 8 mln Ś.Pomocnik
20%
Kamil Piątkowski 5 mln Ś.Obrońca
17%
Sebastian Walukiewicz 5 mln Ś.Obrońca
17%
Nie znaleziono quizów pasujących do podanych kryteriów
Rozkład punktacji
Procent ludzi z każdym wynikiem
Percentyl według liczby udzielonych odpowiedzi
Twoja historia wyników
Nie rozwiązałeś tego quizu